000
00291nam a2200121 a 4500
008
100916s1972|||| d
245
1
0
_a
Thibaultovci 1
100
1
_a
Du Gard, R. M.
260
_b
Slovenský spisovateľ
_a
Bratislava
_c
1972
020
_c
80
044
_a
xo
_c
SK
041
_a
slo
999
_c
10355
_d
10355